Des Pawson's knot craft : the book that makes all other knot books work (Record no. 405407)

MARC details
000 -LEADER
fixed length control field 00306nam a2200097Ia 4500
082 ## - DEWEY DECIMAL CLASSIFICATION NUMBER
Classification number 623.8882 PAWS
008 - FIXED-LENGTH DATA ELEMENTS--GENERAL INFORMATION
fixed length control field 210817s9999 xx 000 0 und d
100 ## - MAIN ENTRY--PERSONAL NAME
Personal name PAWSON, Des London, 2003
9 (RLIN) 96477
245 #0 - TITLE STATEMENT
Title Des Pawson's knot craft : the book that makes all other knot books work
942 ## - ADDED ENTRY ELEMENTS
item type Books

No items available.